The use of the elementary school auditorium in cities and villages under superintendents, (Record no. 21205)

MARC details
000 -LEADER
fixed length control field 00869cam a22002291 4500
001 - CONTROL NUMBER
control field e 32000250
003 - CONTROL NUMBER IDENTIFIER
control field DLC
005 - DATE AND TIME OF LATEST TRANSACTION
control field 20260227111222.0
008 - FIXED-LENGTH DATA ELEMENTS--GENERAL INFORMATION
fixed length control field 800613s1932 nyu s000 0 eng c
010 ## - LIBRARY OF CONGRESS CONTROL NUMBER
LC control number e 32000250
035 ## - SYSTEM CONTROL NUMBER
System control number (OCoLC)6419047
040 ## - CATALOGING SOURCE
Original cataloging agency Library. U.S. Office of Education
Transcribing agency ICharE
Modifying agency DLC
042 ## - AUTHENTICATION CODE
Authentication code premarc
050 00 - LIBRARY OF CONGRESS CALL NUMBER
Classification number LB3325.A8
Item number S6
100 1# - MAIN ENTRY--PERSONAL NAME
Personal name Soper, Wayne W.
Fuller form of name (Wayne Wellington),
Dates associated with a name 1891-1956.
245 14 - TITLE STATEMENT
Title The use of the elementary school auditorium in cities and villages under superintendents,
Statement of responsibility, etc. by Wayne W. Soper.
260 ## - PUBLICATION, DISTRIBUTION, ETC.
Place of publication, distribution, etc. Albany,
Name of publisher, distributor, etc. The University of the State of New York press,
Date of publication, distribution, etc. 1932.
300 ## - PHYSICAL DESCRIPTION
Extent 64 p.
Dimensions 23 cm.
490 0# - SERIES STATEMENT
Series statement University of the State of New York bulletin,
Volume/sequential designation no. 990. Feb. 15, 1932
500 ## - GENERAL NOTE
General note "Bulletins and pamphlets prepared by the educational research division": p. 63-64.
650 #0 - SUBJECT ADDED ENTRY--TOPICAL TERM
Topical term or geographic name entry element Auditoriums.

No items available.

Powered by Koha